000 02174nam0a2200349 4500
001 RU\NLR\BIBL_A\010827556
005 20260408062708.0
010 _a978-5-4382-0205-9
_9500
021 _aRU
_b2015-51630
_93054
035 _a(NILC)RuMoRGB-007977883
035 _a(NLR Aleph) 010827556
090 _a10271684
_c10271684
100 _a20150901d2015 |||y0rusy50 ca
101 0 _arus
102 _aRU
105 _aa z 100yy
200 1 _aСовременные тенденции развития финансовой системы России
_eматериалы Межрегиональной научно-практической конференции, 22 апреля, 2015 г.
_f[редкол: Денисов М. Ю. (отв. ред.) и др.]
210 _aРостов-на-Дону
_cАзовПечать
_d2015
215 _a187 с.
_cил.
_d21
300 _aВ надзаг.: М-во образования и науки Российской Федерации, Федеральное гос. бюджетное образовательное учреждение высш. проф. образования "Ростовский гос. экономический ун-т (РИНХ)", Ростовское региональное отд-ние Вольного экономического о-ва России, Фак. экономики и финансов
320 _aБиблиогр. в конце ст.
606 1 _aФинансовая система
_jСъезды, совещания и т.п
_yРоссийская Федерация
_92109788
_3RU\NLR\AUTH\661275166
686 1 _aУ26(2)я431
702 1 _4340
_8rus
_7ca
_aДенисов
_bМ. Ю.
_cд-р экон. наук
_f1957-
_gМихаил Юрьевич
_3RU\NLR\AUTH\7741284
_924234
712 0 2 _4570
_aРостовский государственный экономический университет
_cРостов-на-Дону
_3RU\NLR\AUTH\8810031209
_9561061
801 0 _aRU
_bРГБ
_c20150717
_gRCR
942 _cBOOK
980 _aNBR
980 _aNB